Professor Ata ur Rehman: (Record no. 586479)
[ view plain ]
| 000 -LEADER | |
|---|---|
| fixed length control field | 00776nam a22002297a 4500 |
| 003 - CONTROL NUMBER IDENTIFIER | |
| control field | NUST |
| 005 - DATE AND TIME OF LATEST TRANSACTION | |
| control field | 20210929110922.0 |
| 008 - FIXED-LENGTH DATA ELEMENTS--GENERAL INFORMATION | |
| fixed length control field | 210929b ||||| |||| 00| 0 eng d |
| 038 ## - RECORD CONTENT LICENSOR | |
| Staff Name | Arshad |
| 040 ## - CATALOGING SOURCE | |
| Original cataloging agency | NUST |
| 082 ## - DEWEY DECIMAL CLASSIFICATION NUMBER | |
| Classification number | 925 |
| Author Mark | CHA |
| 100 ## - MAIN ENTRY--PERSONAL NAME | |
| Linkage | 100-01 |
| Personal name | Muhammad Iqbal, Chuadhary |
| 9 (RLIN) | 82855 |
| 245 ## - TITLE STATEMENT | |
| Linkage | 245-02 |
| Title | Professor Ata ur Rehman: |
| Remainder of title | ek ahad saz shakhsiyat/ |
| Statement of responsibility, etc. | Muhammad Iqbal Chaudhary |
| 260 ## - PUBLICATION, DISTRIBUTION, ETC. | |
| Linkage | 260-03 |
| Place of publication, distribution, etc. | Karachi: |
| Name of publisher, distributor, etc. | Riz Printer, |
| Date of publication, distribution, etc. | 2012 |
| 300 ## - PHYSICAL DESCRIPTION | |
| Extent | 344 p. |
| 563 ## - BINDING INFORMATION | |
| Binding note | PBK |
| 650 ## - SUBJECT ADDED ENTRY--TOPICAL TERM | |
| Topical term or geographic name entry element | Biography --Ata ur Rehman |
| 9 (RLIN) | 7002 |
| 880 ## - ALTERNATE GRAPHIC REPRESENTATION | |
| Linkage | 100-01)3\r |
| Title | محمد اقبال چوہدری |
| 880 ## - ALTERNATE GRAPHIC REPRESENTATION | |
| Linkage | 245-02)3\r |
| Title | پروفیسر عطاء الرحمن: |
| b | ایک عہد ساز شخصیت |
| 880 ## - ALTERNATE GRAPHIC REPRESENTATION | |
| Linkage | 260-03)3\r |
| Title | کراچی |
| b | رز پرنٹرز، |
| c | 2012 |
| 942 ## - ADDED ENTRY ELEMENTS (KOHA) | |
| Source of classification or shelving scheme | |
| Koha item type | Book |
| Withdrawn status | Lost status | Source of classification or shelving scheme | Damaged status | Not for loan | Permanent Location | Current Location | Shelving location | Date acquired | Full call number | Barcode | Date last seen | Price effective from | Koha item type |
|---|---|---|---|---|---|---|---|---|---|---|---|---|---|
| Central Library (CL) | Central Library (CL) | History | 09/29/2021 | 925 ATA | CL1664 | 09/29/2021 | 09/29/2021 | Book |
